00579nam a22002057a 450000500170000001000130001702000110003003500130004103700160005404000120007008200130008210000220009524500600011726000360017727000680021330000270028150000410030865000130034965000110036220170124105950.0 aA-689340 c300.00 aA-689340 bCen Lib/Ret aDPLbEN a291bPUR aPuri, Gopal Singh aSelf realisation and sikh faith /cby Gopal Singh Puri  aNew Delhi bFalcon Books c1992 bNew Delhi aB-70/72, D.S.I.D.C. complex, lawrence road e110035 axvi, 232p. :c19cm(Hb) aIncludes bibliographical references  aSikhism  aFaith